[Event "40th Olympiad Open"]
[Site "Istanbul TUR"]
[Date "2012.08.31"]
[Round "4.48"]
[White "Rowe,D"]
[Black "Al Tarbosh,W"]
[Result "1-0"]
[WhiteElo "2251"]
[BlackElo "2271"]

1.Nf3 d5 2.c4 c6 3.b3 Nf6 4.e3 Bf5 5.Bb2 e6 6.Be2 Nbd7 7.Nh4 Bg6 8.Nxg6 hxg6
9.Nc3 Bd6 10.Qc2 Qe7 11.h4 g5 12.h5 a5 13.g4 dxc4 14.bxc4 Bb4 15.Na4 Ba3
16.Bc3 Bb4 17.Bb2 Ba3 18.Bc3 Bb4 19.Bb2 Ba3 20.Bc3 Bb4 21.Bb2 Rb8 22.a3 Bd6
23.f4 gxf4 24.g5 fxe3 25.gxf6 exd2+ 26.Qxd2 Nxf6 27.Qg5 Ne4 28.Qxe7+ Bxe7
29.Bxg7 Rh7 30.h6 Bf6 31.O-O-O Ke7 32.Bd3 Bxg7 33.hxg7 Rxh1 34.Rxh1 Nf6 35.Rh8 Rg8
36.Rxg8 Nxg8 37.Bh7 Kf6 38.Bxg8 b5 39.Nc5 Kxg7 40.Bxf7 Kxf7 41.Nb7 Ke7 42.Kc2 a4
43.Kc3 e5 44.Nc5 Kd6 45.Ne4+ Ke6 46.cxb5 cxb5 47.Kb4 Kd5 48.Nc3+ Kc6 49.Nxb5 e4
50.Kc4 e3 51.Nc3  1-0

[Event "BDO Challengers 2012"]
[Site "Haarlem NED"]
[Date "2012.09.01"]
[Round "8.3"]
[White "Ilic,Zo1"]
[Black "Bartel,Mi"]
[Result "0-1"]
[WhiteElo "2344"]
[BlackElo "2296"]

1.Nf3 d5 2.c4 d4 3.g3 Nc6 4.Bg2 e5 5.d3 Bg4 6.h3 Bf5 7.O-O Qd7 8.Kh2 Nf6
9.Na3 Bd6 10.Nc2 a5 11.b3 h5 12.Bg5 Ng4+ 13.Kg1 Nh6 14.h4 Bh3 15.a3 Bxg2
16.Kxg2 f6 17.Bd2 Qg4 18.e4 dxe3 19.Nxe3 Qg6 20.Qc2 Nd4 21.Nxd4 exd4 22.Nd5 Nf5
23.Bf4 Nxh4+ 24.Kh2 Bxf4 25.Nxf4 Qg4 26.Qe2+ Qxe2 27.Nxe2 Nf5 28.b4 g5 29.Kg2 Kf7
30.Rfb1 b6 31.Rc1 Rhe8 32.Kf1 Re5 33.Rcb1 a4 34.b5 Ke7 35.Ra2 Kd6 36.Rd2 Kc5
37.Kg2 Rae8 38.Rbb2 h4 39.Rbc2 hxg3 40.Nxg3 Nh4+ 41.Kh3 Nf3 42.Rd1 f5 43.Rb2 g4+
44.Kg2 Rh8 45.Ne2 Rh3 46.Nf4 Nh4+ 47.Kg1 Rf3 48.Nd5 f4 49.Nxc7 Rh3 50.Na6+ Kd6
51.c5+ bxc5 52.Rdb1 Nf3+ 53.Kf1 Rh1+ 54.Kg2 Ree1  0-1

[Event "40th Olympiad Women"]
[Site "Istanbul TUR"]
[Date "2012.09.01"]
[Round "5.14"]
[White "Vojinovic,J"]
[Black "Hund,B"]
[Result "1-0"]
[WhiteElo "2337"]
[BlackElo "2211"]

1.Nf3 d5 2.c4 c6 3.g3 Nf6 4.Bg2 Bf5 5.O-O e6 6.d3 h6 7.Qb3 Qb6 8.Qxb6 axb6
9.Nc3 Bc5 10.a3 Nbd7 11.h3 O-O 12.g4 Bh7 13.Bf4 Rfe8 14.Nd2 dxc4 15.Nxc4 e5
16.Be3 b5 17.Nd2 Bxe3 18.fxe3 Nb6 19.Kf2 Nbd5 20.Bxd5 Nxd5 21.Nxd5 cxd5 22.Rac1 Rac8
23.Nb3 b6 24.Rxc8 Rxc8 25.Rc1 Rf8 26.Nd2 f5 27.Kg3 e4 28.d4 fxg4 29.hxg4 Bg6
30.Nb1 b4 31.axb4 h5 32.Nc3 Rd8 33.Na4 b5 34.Nc3 hxg4 35.Nxb5 Rb8 36.Rc5 Bf7
37.Kxg4 Be8 38.Nc7 Bd7+ 39.Kf4 Rxb4 40.Rc2 Ba4 41.Nxd5 Rb7 42.Rc8+ Kh7 43.b4 Bb3
44.Kxe4 Bxd5+ 45.Kxd5 Rxb4 46.e4 g5 47.e5 Rb2 48.e6 Rxe2 49.Kd6  1-0

[Event "40th Olympiad Women"]
[Site "Istanbul TUR"]
[Date "2012.09.01"]
[Round "5.10"]
[White "Fierro Baquero,M"]
[Black "Kulovana,E"]
[Result "1/2-1/2"]
[WhiteElo "2384"]
[BlackElo "2259"]

1.Nf3 d5 2.c4 c6 3.g3 Nf6 4.Bg2 Bg4 5.Ne5 Be6 6.cxd5 Bxd5 7.Nf3 c5 8.Nc3 Bc6
9.d3 e6 10.O-O Be7 11.e4 O-O 12.Re1 b5 13.Ne5 Be8 14.Ng4 Nxg4 15.Qxg4 Kh8
16.e5 Nc6 17.Nxb5 Rb8 18.Nc3 Qxd3 19.Be4 Qa6 20.Qh3 g6 21.Bg2 Nd4 22.Re4 f5
23.exf6 Bxf6 24.Bh6 Rf7 25.Rae1 Bd7 26.Qg4 Rxb2 27.Qf4 Kg8 28.Nd5 Bg7 29.Qg5 Qa5
30.Bxg7 Kxg7 31.Qe5+ Kg8 32.Nf6+ Rxf6 33.Qxf6 Rb8 34.Qe7 Bc6 35.Qd6 Rd8 36.Qe5 Bxe4
37.Qxe4 Rf8 38.h4 Qxa2 39.Rf1 Qe2 40.Qb7 Nf3+ 41.Bxf3 Qxf3 42.Qxa7 Qd5 43.Rc1 c4
44.Qe7 Rf7 45.Qa3 Qd4 46.Qa2 c3 47.Re1 e5 48.Qc2 Kg7 49.Re3 Rc7 50.Rd3 Qc5
51.Rd8 Qe7 52.Rb8 e4 53.Rb3 e3 54.Rxc3 exf2+ 55.Kh2 Ra7 56.Qxf2 Qf7 57.Kg2 Ra2
58.Rc2 Qxf2+  1/2-1/2

[Event "11th Kesarovski-Stanchev Mem"]
[Site "Sunny Beach BUL"]
[Date "2012.09.01"]
[Round "1.25"]
[White "Agayev,N"]
[Black "Ivanova,Si"]
[Result "1-0"]
[WhiteElo "2318"]
[BlackElo "1958"]

1.Nf3 d5 2.c4 c6 3.b3 e6 4.Bb2 Nf6 5.g3 Bd6 6.Bg2 O-O 7.O-O Nbd7 8.Nc3 e5
9.cxd5 cxd5 10.Rc1 a6 11.d4 e4 12.Ne1 Re8 13.Nc2 b5 14.Ne3 Nb6 15.Qd2 b4
16.Ncd1 Bd7 17.f3 Qe7 18.Re1 h5 19.f4 h4 20.Nf1 Nh5 21.e3 hxg3 22.hxg3 Qf6
23.Nf2 Qg6 24.Nh1 a5 25.Rc5 Rec8 26.Rec1 Be6 27.Rc6 Rxc6 28.Rxc6 Nc8 29.Qe2 Bd7
30.Ra6 Rxa6 31.Qxa6 Bc7 32.Qxg6 fxg6 33.Nf2 g5 34.a3 gxf4 35.gxf4 Nd6 36.a4 Nf6
37.Ng3 Kf7 38.Bh3 Bxa4 39.bxa4 Nc4 40.Bc1 b3 41.Nd1 Bd6 42.Ne2 Bb4 43.Bc8 Nb6
44.Ba6 Nxa4 45.Bb5 Nb6 46.Nec3 Ke6 47.Na4 Nc4 48.Kf2 Ng4+ 49.Ke2 Nh2 50.Nc5+ Bxc5
51.dxc5 Nf3 52.Ba4 d4 53.Bxb3 d3+ 54.Kf2 Kd5 55.c6 Kxc6 56.Bxc4 d2 57.Bb2 Kc5
58.Bf7 a4 59.Ba3+ Kb5 60.Bd5  1-0

[Event "BDO Challengers 2012"]
[Site "Haarlem NED"]
[Date "2012.09.02"]
[Round "9.2"]
[White "Bosboom,M"]
[Black "Pijpers,A"]
[Result "1-0"]
[WhiteElo "2383"]
[BlackElo "2333"]

1.Nf3 d5 2.c4 d4 3.b4 g6 4.Bb2 Bg7 5.e3 e5 6.c5 Ne7 7.Na3 O-O 8.Nc4 Qd5 9.Qb3 Nbc6
10.d3 b5 11.cxb6 axb6 12.e4 Qb5 13.a3 Na5 14.Qc2 Nxc4 15.dxc4 Qc6 16.Bd3 f5
17.O-O Qf6 18.c5 f4 19.Rfc1 g5 20.cxb6 cxb6 21.Qc7 g4 22.Nd2 Kh8 23.a4 Be6
24.b5 f3 25.g3 Qh6 26.Qxe7 Qxd2 27.Qxe6 Qxd3 28.Qxg4 Qb3 29.Ba3 Rg8 30.Bd6 Rxa4
31.Rab1 Qd3 32.Rd1 Qe2 33.Re1 Qd3 34.Rbc1 Ra5 35.Rc8 Ra8 36.Bxe5 Raxc8 37.Bxg7+ Rxg7
38.Qxc8+ Rg8 39.Qf5 Qc3 40.Qf6+ Rg7 41.Rd1 Kg8 42.Qxb6 Rc7 43.Qe6+ Kg7 44.h4 Rc4
45.e5 d3 46.Qe7+ Kg8 47.b6  1-0

[Event "11th Kesarovski-Stanchev Mem"]
[Site "Sunny Beach BUL"]
[Date "2012.09.02"]
[Round "2.32"]
[White "Jasny,S"]
[Black "Manole,S"]
[Result "1-0"]
[WhiteElo "2296"]
[BlackElo "2125"]

1.Nf3 d5 2.c4 c6 3.b3 Nf6 4.g3 Bf5 5.Bg2 e6 6.Bb2 Nbd7 7.O-O Be7 8.d3 O-O
9.Nh4 Bg4 10.h3 Bh5 11.g4 Ne8 12.Nf3 Bg6 13.Nc3 h5 14.gxh5 Bxh5 15.Qd2 Bd6
16.e3 Qe7 17.Ne2 f5 18.Nf4 Bxf3 19.Bxf3 e5 20.Ne2 e4 21.Bg2 Ne5 22.Bxe5 Qxe5
23.Ng3 Nf6 24.cxd5 cxd5 25.Rac1 g5 26.dxe4 f4 27.exf4 gxf4 28.Nf5 Nxe4 29.Bxe4 Rxf5
30.Bxf5 Qxf5  1-0

[Event "World Youth U16 Olympiad 2012"]
[Site "Istanbul TUR"]
[Date "2012.09.03"]
[Round "8.15"]
[White "Haring,V"]
[Black "Rabeea,Sabah Nori"]
[Result "1-0"]
[WhiteElo "2049"]
[BlackElo "1860"]

1.Nf3 d5 2.c4 e6 3.b3 Nf6 4.Bb2 Nbd7 5.g3 c6 6.Bg2 Bd6 7.O-O O-O 8.d3 Re8
9.e3 e5 10.Qe2 Nf8 11.Ne1 Bf5 12.e4 dxe4 13.dxe4 Bg6 14.Nd3 Ne6 15.Nd2 Nc5
16.Ne1 Qb6 17.Bc3 Bh5 18.Bf3 Bxf3 19.Nexf3 Ncd7 20.Rab1 Bb4 21.Bb2 Bxd2 22.Nxd2 Rad8
23.a3 Qc7 24.b4 c5 25.Bc3 b6 26.Rbe1 Nf8 27.f4 Ng6 28.f5 Ne7 29.b5 Nc8 30.g4 h6
31.h4 Nh7 32.Nf3 f6 33.g5 fxg5 34.hxg5 Nxg5 35.Nxg5 hxg5 36.Qh5 Qe7 37.Re3 Rd6
38.Rg3 Rh6 39.Qe2 Qf6 40.Bd2 Qd6 41.Bxg5 Qd4+ 42.Kg2 Rh7 43.Rd1 Kf7 44.Rxd4 cxd4
45.c5 Reh8 46.Qc4+ Kf8 47.Qe6  1-0

[Event "40th Olympiad Women"]
[Site "Istanbul TUR"]
[Date "2012.09.04"]
[Round "7.23"]
[White "Linares Napoles,O"]
[Black "Stetsko,L"]
[Result "1-0"]
[WhiteElo "2355"]
[BlackElo "2130"]

1.Nf3 d5 2.c4 c6 3.g3 Nf6 4.Bg2 Bf5 5.cxd5 cxd5 6.Qb3 Qc8 7.Nc3 e6 8.d3 Nc6
9.O-O Be7 10.Bf4 O-O 11.Rac1 Qd7 12.e4 Bg6 13.Ne5 Nxe5 14.Bxe5 Ng4 15.Bf4 d4
16.Nb5 e5 17.Bd2 a6 18.Nc7 Rac8 19.Nd5 Bc5 20.Bh3 Kh8 21.Rxc5 Rxc5 22.Bb4 Rxd5
23.Qxd5 Qxd5 24.exd5 Rd8 25.Bxg4 Bxd3 26.Rd1 Be4 27.d6 a5 28.Ba3 f5 29.Be2 Bc2
30.Rd2 Bb1 31.f4  1-0

[Event "40th Olympiad Open"]
[Site "Istanbul TUR"]
[Date "2012.09.05"]
[Round "8.31"]
[White "Pereira,Rub"]
[Black "Prasca Sosa,R"]
[Result "1-0"]
[WhiteElo "2417"]
[BlackElo "2415"]

1.Nf3 d5 2.c4 c6 3.g3 Nf6 4.Bg2 g6 5.cxd5 cxd5 6.Nc3 Bg7 7.Ne5 O-O 8.d4 Nc6
9.Nxc6 bxc6 10.O-O Nd7 11.Be3 Nb6 12.Rc1 Bd7 13.Na4 Nxa4 14.Qxa4 Re8 15.Rfd1 e6
16.Qc2 Bf8 17.h4 Qb6 18.h5 Rac8 19.hxg6 hxg6 20.Bf3 Bg7 21.Qd2 c5 22.Rxc5 Rxc5
23.dxc5 Qxb2 24.Qxb2 Bxb2 25.Rb1 Be5 26.Rb7 Bc6 27.Rxa7 Ra8 28.Rxa8+ Bxa8
29.Bd2 Bc6 30.e3 Kf8 31.Kf1 Ke8 32.Bb4 Kd7 33.Ke1 Bf6 34.Kd2 Bb5 35.Be2 Bc6
36.Bc3 Bd8 37.Kc2 Ba4+ 38.Kb2 Kc6 39.Bd4 Ba5 40.Ka3 Bc2 41.f4 Bd2 42.Kb2 Ba4
43.a3 f6 44.Bxf6 Bxe3 45.Bd3 Kxc5 46.Bxg6 Bd1 47.Kc3 Bg4 48.Be7+ Kb6 49.Bd3 Bf2
50.Bh4 Kc5 51.Kd2 Kc6 52.a4 Bb6 53.Bb5+ Kd6 54.Bf6 Bf2 55.Bh4 Bb6 56.Be2 Bxe2
57.Kxe2 e5 58.f5 e4 59.Bf6 d4 60.g4 d3+ 61.Kd2 Kd5 62.Bg5 Ba5+ 63.Kd1 Kd4
64.f6 e3 65.Bxe3+ Kxe3 66.f7 Bb4 67.a5  1-0

[Event "40th Olympiad Women"]
[Site "Istanbul TUR"]
[Date "2012.09.05"]
[Round "8.5"]
[White "Karavade,E"]
[Black "Nguyen Thi Mai Hung"]
[Result "0-1"]
[WhiteElo "2371"]
[BlackElo "2212"]

1.Nf3 d5 2.c4 e6 3.b3 Nf6 4.Bb2 b6 5.g3 Bb7 6.Bg2 Be7 7.O-O O-O 8.e3 c5 9.Nc3 Nc6
10.Qe2 Re8 11.Rfd1 Rc8 12.d4 cxd4 13.Nxd4 Nxd4 14.Rxd4 Bb4 15.Rc1 Bxc3 16.Bxc3 Qe7
17.Qe1 Red8 18.Bb4 Qe8 19.Ba3 Ba8 20.Rdd1 dxc4 21.Bxa8 Rxa8 22.Rxc4 Rac8
23.Rxd8 Qxd8 24.Rd4 Qc7 25.Qd1 h6 26.Bb2 Qe7 27.Qd3 Nd5 28.Ra4 Rc7 29.Be5 Rd7
30.Rc4 Rd8 31.e4 Nf4 32.Qc2 Ng6 33.Rc7 Qg5 34.Bc3 Qg4 35.Bd2 Nh4 36.Rc8 Rxc8
37.Qxc8+ Kh7 38.Qc2 Nf3+ 39.Kg2 Nxd2 40.Qxd2 Qxe4+ 41.Kg1 a5 42.Qd8 Qc6 43.Qd3+ g6
44.a4 h5 45.h4 Qd5 46.Qe3 Qd6 47.Qc3 Kg8 48.Qc8+ Kg7 49.Qc3+ e5 50.Qc4 Qd4
51.Qb5 e4 52.Kg2 e3 53.fxe3 Qxe3 54.Qd5 Qe2+ 55.Kg1 Qe1+ 56.Kg2 Qe3 57.Qc4 Qd2+
58.Kg1 Qd6 59.Kg2 f6 60.Qb5 Qe6 61.Kh2 Kh6 62.Kg2 g5 63.hxg5+ fxg5 64.Qd3 h4
65.gxh4 gxh4 66.Kh2 Qf6 67.Kh3 Qf2 68.Qd6+ Kg5 69.Qe7+ Kg6 70.Qe8+ Qf7 71.Qe3 Qf6
72.Qg1+ Kf7 73.Qd1 Ke7 74.Kg4 Qd6 75.Qc2 Qd4+ 76.Kh3 Kd6 77.Qc8 Qf2 78.Qd8+ Kc5
79.Qe7+ Kd4 80.Kg4 Qg3+ 81.Kf5 Qf3+  0-1

[Event "40th Olympiad Open"]
[Site "Istanbul TUR"]
[Date "2012.09.05"]
[Round "8.16"]
[White "Shengelia,D"]
[Black "Gonzalez Garcia,J2"]
[Result "1-0"]
[WhiteElo "2545"]
[BlackElo "2532"]

1.Nf3 d5 2.c4 e6 3.g3 Nf6 4.Bg2 dxc4 5.Qa4+ Nbd7 6.Qxc4 c5 7.Qb3 Qc7 8.d3 b6
9.Bf4 Bd6 10.Nd4 Bxf4 11.Nb5 Qb8 12.gxf4 a6 13.Bxa8 axb5 14.Bf3 Qxf4 15.Nd2 b4
16.a3 bxa3 17.Rxa3 O-O 18.Ra4 Qc7 19.Ra8 Ne5 20.Bg2 Nd5 21.Rg1 Nc6 22.Bxd5 Nd4
23.Qa2 exd5 24.Qxd5 Qxh2 25.Qg5 Ne6 26.Qg3 Qh6 27.Qd6 Qh4 28.Ne4 Qh6 29.e3 f5
30.Ng5 Nxg5 31.Qxh6 gxh6 32.f4 Kf7 33.fxg5 Rg8 34.Rh1 hxg5 35.Rxh7+ Kf6 36.Rh6+ Ke5
37.Rc6 Bb7 38.Rxg8 Bxc6 39.Rxg5 Bd5 40.Kd2 Be6 41.Rh5 b5 42.Rh8 b4 43.Rd8 Bf7
44.d4+ cxd4 45.Rxd4 b3 46.Kc3 Bd5 47.Rb4 Bf7 48.Kd3 Bg8 49.Rb5+ Bd5 50.Ra5 Kd6
51.Kd4 Be4 52.Ra6+ Kc7 53.Ke5  1-0

[Event "11th Kesarovski-Stanchev Mem"]
[Site "Sunny Beach BUL"]
[Date "2012.09.05"]
[Round "5.2"]
[White "Nabaty,T"]
[Black "Mammadov,A"]
[Result "1-0"]
[WhiteElo "2590"]
[BlackElo "2403"]

1.Nf3 d5 2.c4 e6 3.d4 Nf6 4.Nc3 Nbd7 5.Bf4 c6 6.e3 Be7 7.h3 O-O 8.Qc2 a6
9.Bd3 dxc4 10.Bxc4 b5 11.Be2 c5 12.dxc5 Bxc5 13.O-O Bb7 14.Rfd1 Rc8 15.a3 Qb6
16.Bd3 Rfd8 17.Qe2 Be7 18.e4 Nc5 19.Bc2 b4 20.axb4 Qxb4 21.Re1 h6 22.Be5 Nh7
23.Ra3 Bf6 24.Na2 Qb5 25.b4 Qxe2 26.Rxe2 Bxe5 27.Nxe5 Nd7 28.Nd3 Bxe4 29.Rxe4 Rxc2
30.Rd4 Rcc8 31.Rxa6 e5 32.Rdd6 Nhf6 33.b5 Ne4 34.Rdc6 Rb8 35.f3 Nd2 36.Nc3 Nb3
37.Ra7 Nf6 38.Nxe5 Nd4 39.Rc5 Ne6 40.Rc4 Rd4 41.Rxd4 Nxd4 42.Ra4 Ne6 43.Rb4 Ne8
44.b6 Nd6 45.Nd5 Nb7 46.Nc6 Ra8 47.Nc7 Ra1+ 48.Kh2 Nec5 49.Ne5 Ra2 50.Rd4 Rb2
51.Nd5 Rb5 52.Rb4 Ra5 53.Rg4 Ne6 54.Nc6 Rc5 55.Ra4 Rb5 56.Ra7 Nec5 57.Ra8+ Kh7
58.Rb8 Rb2 59.Ne5 Nd6 60.Rd8 Ncb7 61.Rd7 Rb5 62.Nf6+ gxf6 63.Nxf7 Nxf7 64.Rxf7+ Kg6
65.Rxb7 h5 66.Kg3 Rb2 67.Rb8 Kg5 68.b7 h4+ 69.Kh2 Kf5 70.Rh8 Rxb7 71.Rxh4 Kg5
72.Rg4+ Kf5 73.Kg3 Rb8 74.Rf4+ Kg6 75.h4 Rb2 76.Kh3 Ra2 77.g4 Rb2 78.Kg3 Rb6
79.h5+ Kh6 80.Kh4 Kg7 81.Rc4 Rb7 82.Rc6 Ra7 83.f4 Ra4 84.h6+ Kf7 85.f5 Ra1
86.Rc7+ Kg8 87.Kh5 Rg1 88.Rg7+ Kh8 89.Rf7 Kg8 90.Rxf6 Kh7 91.Rf7+ Kg8 92.Rd7  1-0

[Event "40th Olympiad Open"]
[Site "Istanbul TUR"]
[Date "2012.09.06"]
[Round "9.50"]
[White "Dive,RJ"]
[Black "Domingos,C"]
[Result "1-0"]
[WhiteElo "2334"]
[BlackElo "2280"]

1.Nf3 d5 2.c4 e6 3.g3 Nf6 4.Bg2 Be7 5.O-O O-O 6.b3 c6 7.Bb2 a5 8.d3 Nbd7
9.Nbd2 Nc5 10.Qc2 Na6 11.a3 Bd7 12.e4 Be8 13.Rad1 Rc8 14.Bh3 Rb8 15.Ne5 Qb6
16.Kh1 Rd8 17.f4 Nc5 18.Bg2 dxe4 19.dxe4 Bd7 20.Bd4 Bc8 21.Bg1 Qc7 22.Rb1 Na6
23.Ra1 Nd7 24.Nef3 Ndc5 25.Rfd1 b6 26.Nf1 Bb7 27.Ne3 Rxd1 28.Rxd1 Nd7 29.Ra1 c5
30.Re1 Rd8 31.Nd1 Nab8 32.Nc3 Nc6 33.Nb5 Qb8 34.Rd1 Na7 35.h3 Nxb5 36.cxb5 Qa8
37.Ne1 Nf6 38.Rxd8+ Qxd8 39.a4 Qd7 40.Kh2 Bd8 41.Qe2 Bc7 42.Nd3 Qe8 43.Nb2 e5
44.f5 Qa8 45.Nc4 Bxe4 46.Bxe4 Qxe4 47.Qxe4 Nxe4 48.Kg2 Kf8 49.g4 Ke7 50.Be3 Nc3
51.Bg5+ f6 52.Bd2 Nd5 53.Kf3 Kd7 54.Ke4 Ne7 55.h4 g6 56.Bh6 Ke8 57.Ne3 Ng8
58.Bg7 Kf7 59.Bh8 gxf5+ 60.gxf5 h5 61.Nf1 Ne7 62.Ng3 Nc8 63.Nxh5 Nd6+ 64.Kd5 Nxf5
65.Bxf6 Nd4 66.Bxe5 Bxe5 67.Kxe5 Nxb3 68.Nf4 c4 69.Nd5 Kg6 70.Nc3 Kh5 71.Kd5 Kxh4
72.Kxc4 Nc5 73.Kd5 Kg4 74.Kc6 Kf5 75.Kxb6 Nb3 76.Kc6 Nd4+ 77.Kc7 Ke5 78.b6 Ne6+
79.Kc8 Nc5 80.b7 Nxb7 81.Kxb7 Kd4 82.Kb6  1-0

[Event "40th Olympiad Open"]
[Site "Istanbul TUR"]
[Date "2012.09.06"]
[Round "9.51"]
[White "Njobvu,I"]
[Black "Abdul Rahman,A"]
[Result "1-0"]
[WhiteElo "2226"]
[BlackElo "1912"]

1.Nf3 d5 2.c4 e6 3.d4 Nf6 4.g3 c6 5.Qc2 Ne4 6.Bg2 Be7 7.Be3 O-O 8.Nfd2 f5
9.f3 Nf6 10.Bf2 Na6 11.a3 Bd7 12.Nc3 Nc7 13.O-O Be8 14.Qb3 b6 15.Rfd1 Kh8
16.Rac1 Qd7 17.Nf1 Rc8 18.Qa4 Bg6 19.b4 dxc4 20.Qc2 Ncd5 21.f4 b5 22.Be1 Ra8
23.Rb1 Ng4 24.Qc1 Bf6 25.h3 Nh6 26.a4 a6 27.a5 Bh5 28.Rb2 Rad8 29.Nxd5 exd5
30.Rdd2 Rde8 31.Bf2 Nf7 32.e3 Nd6 33.Rdc2 g5 34.Kh2 gxf4 35.gxf4 Rg8 36.Ng3 Qg7
37.Rc3 Qg6 38.Qf1 Ne4 39.Nxe4 fxe4 40.Be1 Qf5 41.Bh1 Rg6 42.Rg2 Rh6 43.Rg3 Bh4
44.Rg1 Bxe1 45.Rg5 Qd7 46.Qxe1 Bf3 47.Qg3 Bxh1 48.Rc1 Bf3 49.Rg1 Qe6 50.Re5 Rxh3+
51.Qxh3 Qxh3+ 52.Kxh3 Rf8 53.Re6 Rc8 54.Re7 Bh5 55.Kh4 Bg6 56.Re5 Rf8 57.Re6 Be8
58.Rd6 Rg8 59.Rxg8+ Kxg8 60.Rh6 Kg7 61.Kg5 Bg6 62.f5 Be8 63.f6+ Kg8 64.Kf5 Bd7+
65.Ke5 Bg4 66.f7+ Kxf7 67.Rxc6 h5 68.Rxa6 Bc8 69.Rc6 Bd7 70.Rh6 Bc8 71.Rxh5 Kg7
72.Kxd5 c3 73.Rh2 Kf6 74.Rc2 Be6+ 75.Kxe4  1-0

[Event "40th Olympiad Open"]
[Site "Istanbul TUR"]
[Date "2012.09.06"]
[Round "9.11"]
[White "Skoberne,J"]
[Black "Khamrakulov,D"]
[Result "1-0"]
[WhiteElo "2552"]
[BlackElo "2454"]

1.Nf3 d5 2.c4 c6 3.g3 Nf6 4.Bg2 Bg4 5.Ne5 Bf5 6.cxd5 cxd5 7.Qb3 Nc6 8.Nxc6 bxc6
9.d3 Qd7 10.Nc3 e5 11.e4 Be6 12.Qc2 dxe4 13.dxe4 Be7 14.O-O O-O 15.b3 Rfd8
16.Na4 Qc7 17.Be3 Nd7 18.Rfd1 Rac8 19.Bf1 Qb7 20.Qe2 c5 21.Qc2 Bg4 22.Rd5 Rf8
23.h3 Bf3 24.Qd3 Nf6 25.Rxe5 Bxe4 26.Qa6 Qxa6 27.Bxa6 Bd6 28.Rxc5 Bxc5 29.Bxc5 Rc6
30.Bb5 Ra8 31.Bxc6 Bxc6 32.Nb2 a6 33.Rc1 Bf3 34.Nd3 Rc8 35.Ne5 Bd5 36.Be3 Rxc1+
37.Bxc1 Ne4 38.Bb2 Ng5 39.Nd3 Ne6 40.f4 f5 41.Kf2 Kf7 42.Ke3 Ke7 43.Ba3+ Kd7
44.Ne5+ Kc7 45.Kd3 Kb6 46.h4 Kc7 47.Kc3 Kb6 48.h5 Bg2 49.Nc4+ Kc6 50.Nd6 Bh3
51.Nc4 Bg2 52.Kb4 Be4 53.Bb2 Bb1 54.a4 Bc2 55.Ne3 Bd3 56.Be5 Kb6 57.Kc3 Be4
58.Kc4 Kc6 59.b4 Kb6 60.b5 axb5+ 61.axb5 Kb7 62.Kb4 Bd3 63.Nc4 Ka7 64.Kc3 Be2
65.h6 gxh6 66.Bd4+ Kb7 67.Na5+ Kc8 68.b6 Ba6 69.Be3 h5 70.Nc6 Ng7 71.Bd4 Bb7
72.Na7+  1-0

[Event "40th Olympiad Women"]
[Site "Istanbul TUR"]
[Date "2012.09.07"]
[Round "10.13"]
[White "Khurtsidze,N"]
[Black "Hoang Thi Nhu Y"]
[Result "1/2-1/2"]
[WhiteElo "2444"]
[BlackElo "2228"]

1.Nf3 d5 2.c4 c6 3.e3 Nf6 4.Nc3 g6 5.d4 Bg7 6.Be2 O-O 7.O-O Bg4 8.h3 Bxf3
9.Bxf3 e6 10.b3 Re8 11.Bb2 Nbd7 12.Qc2 Rc8 13.Rfd1 b5 14.e4 b4 15.Na4 Nxe4
16.Bxe4 dxe4 17.Qxe4 Qa5 18.Rd2 Bf8 19.Qf3 Qf5 20.Qxf5 gxf5 21.g4 fxg4 22.hxg4 f5
23.f3 fxg4 24.Rg2 g3 25.Rxg3+ Kf7 26.Re1 Bg7 27.Kf2 Rcd8 28.Rh1 h6 29.Rh5 e5
30.Rf5+ Ke6 31.Rh5 Kf7 32.Rf5+ Ke6 33.Rh5 Kf7 34.Rf5+ Ke6  1/2-1/2

[Event "40th Olympiad Women"]
[Site "Istanbul TUR"]
[Date "2012.09.07"]
[Round "10.43"]
[White "Jamalia,N"]
[Black "Al-khulaifi,Ghada"]
[Result "1-0"]
[WhiteElo "1997"]
[BlackElo "1646"]

1.Nf3 d5 2.c4 e6 3.g3 c6 4.Bg2 f5 5.O-O Nf6 6.d3 Bd6 7.Nc3 O-O 8.e4 fxe4
9.dxe4 Bb4 10.exd5 Bxc3 11.bxc3 exd5 12.cxd5 cxd5 13.Qb3 Nc6 14.Bg5 h6 15.Be3 Qe8
16.Bc5 Rf7 17.Rfe1 Qd8 18.Rad1 Bg4 19.h3 Bf5 20.Nh4 Na5 21.Qb4 Qd7 22.Nxf5 Qxf5
23.Qxa5 d4 24.Rxd4 Nd7 25.Rd5 Qc2 26.Be4 Qb2 27.Qa3 Qb5 28.Qb3 Qxb3 29.axb3 Nxc5
30.Rxc5 Kf8 31.Re5 Rd8 32.Bg6  1-0

[Event "3rd Oliver Gonzalez Mem Open A"]
[Site "Madrid ESP"]
[Date "2012.09.07"]
[Round "7.19"]
[White "Aranaz Murillo,A"]
[Black "Chueca Forcen,A"]
[Result "1/2-1/2"]
[WhiteElo "2213"]
[BlackElo "2313"]

1.Nf3 d5 2.c4 dxc4 3.e3 Be6 4.Na3 Nf6 5.Nxc4 g6 6.d4 Bg7 7.Bd3 h6 8.O-O O-O
9.Qc2 Nc6 10.Bd2 a5 11.Rfc1 Nd7 12.Nce5 Ndxe5 13.Nxe5 Nxe5 14.dxe5 c6 15.Bc3 Qc7
16.f4 Rad8 17.Kh1 c5 18.e4 c4 19.Be2 b5 20.f5 Bc8 21.f6 Bh8 22.a3 Rfe8 23.Rf1 Qb6
24.b4 axb4 25.axb4 Bb7 26.Qc1 exf6 27.exf6 Bxe4 28.Bf3 Bd3 29.Rd1 Bxf6 30.Bxf6 Qxf6
31.Qxh6 Be2 32.Bxe2 Rxe2 33.Rf1 Rf2 34.Rfe1 c3 35.Rac1 c2 36.Qe3 Rd1 37.Rcxd1 cxd1=R
38.Rxd1 Rb2 39.Qe8+ Kg7 40.Qxb5 Qd4 41.Qf1 Qxb4 42.h3 Qe4 43.Re1 Qd4 44.Qf3 Rf2
45.Qe3 Qxe3 46.Rxe3 f5 47.Kg1 Ra2 48.Kf1 Kh6 49.Re2 Ra3 50.Kf2 g5 51.Re6+ Kh5
52.g4+ fxg4 53.hxg4+ Kxg4 54.Kg2 Ra2+ 55.Kg1 Kh4 56.Re1 g4 57.Re3 Rb2 58.Ra3 Rd2
59.Rb3 Kg5 60.Rb5+ Kf4 61.Rb4+ Kf3 62.Rb3+ Kf4 63.Rb4+ Kg3 64.Rb3+ Kh4 65.Ra3 g3
66.Ra8 g2 67.Rh8+ Kg3 68.Rg8+ Kf4 69.Rxg2  1/2-1/2

[Event "5th Sabadell Open A"]
[Site "Sabadell ESP"]
[Date "2012.09.07"]
[Round "9.5"]
[White "Burmakin,V"]
[Black "Vidarte Morales,A"]
[Result "0-1"]
[WhiteElo "2608"]
[BlackElo "2353"]

1.Nf3 d5 2.c4 e6 3.g3 Nf6 4.Bg2 dxc4 5.Qa4+ Nbd7 6.Qxc4 a6 7.Qc2 Bd6 8.d4 O-O
9.O-O Qe7 10.Nbd2 e5 11.Nc4 e4 12.Nfd2 Re8 13.Nb3 h6 14.Ne3 Nb6 15.Nc5 c6
16.Bd2 Nbd5 17.Nxd5 cxd5 18.Rac1 b6 19.Na4 Rb8 20.Qb3 Qb7 21.Bb4 Bxb4 22.Qxb4 Bd7
23.Rc2 a5 24.Qb3 Bxa4 25.Qxa4 b5 26.Qb3 Rec8 27.Rfc1 Rc4 28.Qe3 Rbc8 29.Qd2 Qc7
30.Rxc4 dxc4 31.a3 Qb6 32.e3 Rc7 33.h3 h5 34.a4 b4 35.Bf1 Qe6 36.Rc2 Qc8
37.Kg2 c3 38.bxc3 Rxc3 39.Rb2 Nd5 40.Be2 g6 41.Bb5 Kg7 42.Bf1 Rc1 43.Bb5 Qc3
44.Ba6 Qxd2 45.Rxd2 Kf6 46.Bb7 Ke6 47.Rb2 Kd6 48.g4 hxg4 49.hxg4 g5 50.Ba6 Nc3
51.Bb7 Ra1 52.f3 Nxa4 53.Rf2 exf3+ 54.Rxf3 b3 55.Be4 Nc3 56.Bh7 b2 57.Rxf7 b1=Q
58.Bxb1 Rxb1 59.Ra7 Rb5 60.Kf3 Kd5 61.Rc7 Na4 62.Rd7+ Kc4 63.e4 Rb3+ 64.Kf2 Nb6
65.Ra7 a4 66.d5 Kd4 67.d6 Kxe4 68.Rb7 Rb2+ 69.Kg3 a3 70.Rd7  0-1

[Event "11th Kesarovski-Stanchev Mem"]
[Site "Sunny Beach BUL"]
[Date "2012.09.08"]
[Round "8.11"]
[White "Spiridonov,Niko1"]
[Black "Bratanov,Z"]
[Result "0-1"]
[WhiteElo "2234"]
[BlackElo "2444"]

1.Nf3 d5 2.c4 c6 3.e3 Nf6 4.Nc3 g6 5.d4 Bg7 6.Bd3 O-O 7.O-O Bg4 8.h3 Bxf3
9.Qxf3 dxc4 10.Bxc4 Ne8 11.Rd1 Nd6 12.Bb3 Nd7 13.e4 e6 14.Qg3 e5 15.Bg5 Qe8
16.dxe5 Bxe5 17.Qh4 Nc8 18.Rd3 Bc7 19.Rad1 Ncb6 20.Bh6 Nc5 21.Bxf8 Qxf8 22.Rf3 Nxb3
23.axb3 Re8 24.Rfd3 Qb4 25.Qg4 Kg7 26.f4 Rxe4 27.Nxe4 Qxe4 28.f5 Qe7 29.fxg6 hxg6
30.h4 Nd5 31.Rxd5 cxd5 32.Qd4+ Kg8 33.h5 Bb6  0-1

[Event "FSIM Sept 2012"]
[Site "Budapest HUN"]
[Date "2012.09.09"]
[Round "9.3"]
[White "Galyas,M"]
[Black "Lyell,M"]
[Result "1-0"]
[WhiteElo "2429"]
[BlackElo "2225"]

1.Nf3 d5 2.c4 d4 3.b4 g6 4.d3 Bg7 5.g3 a5 6.b5 b6 7.Bg2 Bb7 8.O-O Nd7 9.Bb2 e5
10.e3 dxe3 11.fxe3 Nh6 12.Nc3 O-O 13.Nd5 Bxd5 14.cxd5 Nf5 15.Qe2 Qe7 16.Nd2 Qc5
17.Nc4 Qxb5 18.a4 Qa6 19.Bh3 Qc8 20.Rxf5 gxf5 21.Bxf5 Qd8 22.e4 Re8 23.Qg4 Re7
24.Rf1 Nf8 25.Nxe5 Ng6 26.Nc6 Qd6 27.Bxg7 Kxg7 28.Nxe7 Qxe7 29.h4 Kh8 30.Bxg6 hxg6
31.Qf4 Kg7 32.Rc1 Rc8 33.d4 Qb4 34.e5 Qxa4 35.e6 fxe6 36.Qe5+ Kh7 37.dxe6 Qe8
38.d5 a4 39.Rxc7+ Rxc7 40.Qxc7+ Kg8 41.Qd7 Kf8 42.d6 a3 43.e7+ Kf7 44.Qa7 b5
45.Qxa3 Ke6 46.Qc5 Qb8 47.Qc7 Qh8 48.Kh2 g5 49.Kh3 Qa8 50.Qc5 gxh4 51.Kxh4 Qh8+
52.Kg4 Qg7+ 53.Qg5 Qd4+ 54.Kh5 Qh8+ 55.Qh6+ Qxh6+ 56.Kxh6 Kf7  1-0

[Event "40th Olympiad Open"]
[Site "Istanbul TUR"]
[Date "2012.09.09"]
[Round "11.55"]
[White "Al Hadarani,H"]
[Black "Abdul Rahman,A"]
[Result "1-0"]
[WhiteElo "2263"]
[BlackElo "1912"]

1.Nf3 d5 2.c4 e6 3.g3 Nf6 4.Bg2 c6 5.O-O Bd6 6.d4 Ne4 7.Ne1 f5 8.f3 Nxg3
9.hxg3 Bxg3 10.f4 Qh4 11.Nf3 Qh5 12.Nc3 Nd7 13.e3 Nf6 14.Ne2 Ne4 15.Nxg3 Nxg3
16.Ne5 Qh6 17.Rf3 Ne4 18.Rh3 Qf6 19.Qh5+ g6 20.Nxg6 Rg8 21.Ne5+ Ke7 22.Qxh7+ Rg7
23.Qh8 dxc4 24.Rh7 Rxh7 25.Qxh7+ Kd8 26.Bxe4 fxe4 27.Bd2 Qe7 28.Qxe4 Bd7
29.Nxc4 b6 30.Qe5 Qh4 31.Qg5+ Qxg5+ 32.fxg5 Ke7 33.Bb4+ Kd8 34.Bd6 Be8 35.Ne5 Kc8
36.Kf2 Kb7 37.Rh1 Rd8 38.Rh7+ Ka6 39.Rh8 Rxd6 40.Rxe8 c5 41.g6 cxd4 42.exd4 Rxd4
43.g7 Rd2+ 44.Kf3 Rxb2 45.g8=Q Rxa2 46.Qxe6 Ra3+ 47.Ke4 Ra4+ 48.Kf5 Ra5 49.Qc8+ Kb5
50.Ke4  1-0

[Event "40th Olympiad Open"]
[Site "Istanbul TUR"]
[Date "2012.09.09"]
[Round "11.33"]
[White "Medjkouh,Said"]
[Black "Jodorcovsky,P"]
[Result "1/2-1/2"]
[WhiteElo "2081"]
[BlackElo "2174"]

1.Nf3 d5 2.c4 c6 3.e3 Nf6 4.b3 Bf5 5.Bb2 e6 6.Be2 Be7 7.O-O O-O 8.Nh4 Bg6
9.Nxg6 hxg6 10.Qc2 Nbd7 11.d4 Bd6 12.Nd2 Qe7 13.c5 Bc7 14.f4 Rfc8 15.b4 a6
16.Bc3 Nf8 17.Rae1 N8h7 18.Bd3 a5 19.Nf3 axb4 20.Bxb4 Ra7 21.a3 Rca8 22.Ne5 Ba5
23.Rb1 Bxb4 24.axb4 Nd7 25.Rb2 Nhf6 26.b5 Nxe5 27.fxe5 Ng4 28.Qe2 Qg5 29.bxc6 bxc6
30.Rf4 Ra1+ 31.Bb1 Nh6 32.h4 Qe7 33.h5 Qg5 34.hxg6 Qxg6 35.Rf1 Qg3 36.Qf3 Qg5
37.Rb3 R1a3 38.e4 Rxb3 39.Qxb3 dxe4 40.Bxe4 Rd8 41.Rd1 Qh4 42.Qf3 Ng4 43.g3 Qh2+
44.Kf1 Qh3+ 45.Ke1 Ra8 46.Qg2 Qh6 47.Qd2 Qh3 48.Qg2 Qh6 49.Qe2 Ne3 50.Rb1 Nd5
51.Qd2 Qh3 52.Qg2 Qh6 53.Qd2 Qh3 54.Qg2 Qh6  1/2-1/2